Ligne 1 du Métro de Paris - Statistiques

Statistiques générales
  • Ce quiz a été pris 77 fois
  • Le résultat moyen est 20 sur 25
Statistiques - réponses
Stations Correspondances % Correct
Châtelet M4 7 11 14 / RER A B D
91%
Louvre—Rivoli
91%
Charles de Gaulle—Étoile M2 6 / RER A
89%
Château de Vincennes RER A
89%
Bastille M5 8
87%
Gare de Lyon M14 / RER A D / Transilien R
87%
Hôtel de Ville M11
87%
La Défense (Grande Arche) RER A E / Transilien L U / T2
87%
Nation M2 6 9 / RER A
85%
Concorde M8 12
81%
Porte de Vincennes T3a T3b
81%
Saint-Paul (Le Marais)
79%
Champs-Élysées—Clémenceau (Grand Palais) M13
77%
Franklin D. Roosevelt M9
77%
Palais Royal—Musée du Louvre M7
75%
Tuileries
75%
Esplanade de La Défense
74%
George V
74%
Pont de Neuilly
70%
Porte Maillot (Palais des Congrès) RER C E / T3b
70%
Reuilly—Diderot M8
70%
Saint-Mandé
70%
Bérault
68%
Les Sablons (Jardin d’Acclimatation)
68%
Argentine
66%
Aucun quiz correspondant
Distribution des résultats
% des personnes avec chaque résultat
Percentile par nombre de réponses
Votre historique - résultats
Vous n’avez pas pris ce quiz